000 00674nam a2200205Ia 4500
001 8767
003 GE_BSU
008 181216s||||||||xx |||||||||||||| ||und||
040 _cGE_BSU
080 _a796
245 _aისინდი: სპორტული ალმანახი
245 _cშემდგ: ი.უგულავა; რედ: ც.ცერცვაძე; ილ: ი.ქლიბაძე.
260 _aთბილისი
260 _bნაკადული
260 _c1966
300 _a194გვ; ილ: 22სმ.
653 _aისინდი
653 _aსპორტული ალმანახი
942 _cBK
999 _c42077
_d42077